000 01423cam a2200373 a 4500
001 EDZ0000085595
003 StDuBDS
005 20161031105129.0
006 m||||||||d||||||||
007 cr |||||||||||
008 120522s2012 cau fo| 001|0|eng|d
020 _a9781446251775 (ebook) :
_cNo price
040 _aStDuBDS
_beng
_cStDuBDS
_epn
049 _aAlfaisal Main Library
050 0 _aHV7921
_b.B46 2012
082 0 4 _a363.2
_223
100 1 _aBowling, Benjamin.
245 1 0 _aGlobal policing
_h[electronic resource] /
_cBen Bowling & James Sheptycki.
260 _aLos Angeles, [Calif.] ;
_aLondon :
_bSAGE,
_c2012.
300 _a1 online resource (xi, 180 p.)
520 8 _aWritten by two of the leading names in the field, this book is an international critical analysis of the globalization of policing and its impact on contemporary criminology and criminal justice.
504 _aIncludes bibliographical references and index.
521 _aSpecialized.
588 _aDescription based on print version record.
650 0 _aPolice.
650 0 _aPolice
_xInternational cooperation.
650 0 _aGlobalization.
655 7 _aElectronic books.
_2local
700 1 _aSheptycki, J. W. E.,
_d1960-
710 2 _aSage eBooks
776 0 8 _iPrint version :
_z9781849200820
856 4 0 _uhttp://ezproxy.alfaisal.edu/login?url=http://sk.sagepub.com/books/global-policing
942 _2lcc
_cEBOOKS
999 _c479975
_d479975